00868cam a22003013a 45000010008000000030009000080050017000170070008000340080038000420100006000800200015000860400025001011000020001262400030001462450047001762600025002233000021002484900022002695860033002916000009003247000027003338300022003609420012003829450027003949520103004219560025005249990017005490000675DO-SdBNP20180207112823.00000675861112 1992 sp 000 0 spa d a  a843483698X aBPMSUcspadBPMSUd 1 aCarranza, Maite13aLa nit dels aratamslcat.13aLa selva de los Aratams /cMaite Carranza. aMadrid :bSM,c1992. a175 p. ;c21 cm.1 aGran angularv118 aPremio Joaquín Ruyra, 198900a x 12aCarranza, Maiteetrad. 0aGran angularn118 2ddccBK aInventariado, 2018 /LP 00102ddc40708CGaBPMETbBPMETd2016-09-14eFundil0pBPMSU16090296r2016-09-14w2016-09-14yBK 2YLOCKWARD3108BPMSU c11384d11384